[Event "Greek Team Championship"]
[Site "chess24.com"]
[Date "2017.07.04"]
[Round "2"]
[White "Tsekouras, Theodoros"]
[Black "Koronas, Vasilios"]
[Result "1-0"]
[Board "3"]
[WhiteElo "2225"]
[WhiteCountry "GRE"]
[WhiteFideId "4203402"]
[WhiteEloChange "2"]
[BlackElo "1777"]
[BlackCountry "GRE"]
[BlackFideId "4215397"]
[BlackEloChange "-2"]

1. e4 {[%clk 1:30:27]} d6 {[%clk 1:23:12]} 2. d4 {[%clk 1:31:16]} g6 {[%clk
1:23:29]} 3. Nf3 {[%clk 1:30:53]} Bg7 {[%clk 1:23:52]} 4. Bc4 {[%clk 1:29:49]} e6
{[%clk 1:24:09]} 5. Qe2 {[%clk 1:26:19]} a6 {[%clk 1:24:05]} 6. a4 {[%clk
1:24:21]} b6 {[%clk 1:24:10]} 7. Bg5 {[%clk 1:19:31]} Ne7 {[%clk 1:24:22]} 8. c3
{[%clk 1:19:42]} Bb7 {[%clk 1:24:27]} 9. Nbd2 {[%clk 1:18:29]} Nd7 {[%clk
1:24:31]} 10. O-O {[%clk 1:16:33]} O-O {[%clk 1:20:16]} 11. Rfe1 {[%clk 1:10:55]}
h6 {[%clk 1:17:33]} 12. Bh4 {[%clk 1:07:55]} g5 {[%clk 1:15:56]} 13. Bg3 {[%clk
1:07:20]} Ng6 {[%clk 1:15:42]} 14. h3 {[%clk 1:02:29]} e5 {[%clk 1:03:35]} 15.
dxe5 {[%clk 0:52:57]} Ngxe5 {[%clk 0:58:22]} 16. Nd4 {[%clk 0:36:50]} Nxc4 {[%clk
0:56:17]} 17. Qxc4 {[%clk 0:34:38]} Ne5 {[%clk 0:48:50]} 18. Qe2 {[%clk 0:33:09]}
Qf6 {[%clk 0:40:51]} 19. Nf5 {[%clk 0:31:50]} Rae8 {[%clk 0:37:24]} 20. f3 {[%clk
0:27:52]} Bc8 {[%clk 0:33:22]} 21. Ne3 {[%clk 0:24:48]} Qd8 {[%clk 0:29:32]} 22.
Ndc4 {[%clk 0:13:42]} a5 {[%clk 0:25:52]} 23. Nxe5 {[%clk 0:09:36]} Bxe5 {[%clk
0:23:38]} 24. Bxe5 {[%clk 0:09:55]} Rxe5 {[%clk 0:23:47]} 25. Qd3 {[%clk
0:07:51]} f5 {[%clk 0:22:41]} 26. Nxf5 {[%clk 0:07:12]} Bxf5 {[%clk 0:21:43]} 27.
exf5 {[%clk 0:07:22]} Rexf5 {[%clk 0:21:48]} 28. Re6 {[%clk 0:05:32]} R8f6 {[%clk
0:20:01]} 29. Re3 {[%clk 0:05:17]} Qd7 {[%clk 0:19:14]} 30. Rae1 {[%clk 0:05:31]}
Rf7 {[%clk 0:15:08]} 31. Re8+ {[%clk 0:05:02]} Kg7 {[%clk 0:15:31]} 32. Qd4+
{[%clk 0:04:23]} R5f6 {[%clk 0:14:44]} 33. Qe4 {[%clk 0:01:14]} Rf4 {[%clk
0:13:43]} 34. Qa8 {[%clk 0:01:12]} Rxa4 {[%clk 0:11:36]} 35. R1e6 {[%clk
0:00:45]} Rf8 {[%clk 0:04:47]} 36. R8e7+ {[%clk 0:01:01]} 1-0

[Event "Greek Team Championship"]
[Site "chess24.com"]
[Date "2017.07.04"]
[Round "2"]
[White "Lagaras, Stylianos"]
[Black "Moutzouris, Iason"]
[Result "0-1"]
[Board "4"]
[WhiteElo "1668"]
[WhiteCountry "GRE"]
[WhiteFideId "25837788"]
[WhiteEloChange "-6"]
[BlackElo "1818"]
[BlackCountry "GRE"]
[BlackFideId "4219740"]
[BlackEloChange "6"]

1. d4 {[%clk 1:29:10]} Nf6 {[%clk 1:30:54]} 2. c4 {[%clk 1:29:17]} g6 {[%clk
1:31:21]} 3. Nc3 {[%clk 1:29:17]} Bg7 {[%clk 1:31:46]} 4. e4 {[%clk 1:29:33]} d6
{[%clk 1:32:11]} 5. Nf3 {[%clk 1:29:02]} O-O {[%clk 1:32:35]} 6. Be2 {[%clk
1:29:26]} e5 {[%clk 1:32:04]} 7. O-O {[%clk 1:29:46]} Nc6 {[%clk 1:32:30]} 8. d5
{[%clk 1:30:02]} Ne7 {[%clk 1:32:55]} 9. Ne1 {[%clk 1:30:17]} Ne8 {[%clk
1:33:12]} 10. Be3 {[%clk 1:30:22]} f5 {[%clk 1:33:36]} 11. f3 {[%clk 1:30:47]} f4
{[%clk 1:33:53]} 12. Bf2 {[%clk 1:31:14]} g5 {[%clk 1:27:22]} 13. c5 {[%clk
1:29:23]} h5 {[%clk 1:25:16]} 14. Rc1 {[%clk 1:24:41]} Rf6 {[%clk 1:14:34]} 15.
cxd6 {[%clk 1:00:09]} cxd6 {[%clk 1:13:44]} 16. a4 {[%clk 0:59:39]} Rg6 {[%clk
1:04:12]} 17. h3 {[%clk 0:59:00]} Bh6 {[%clk 0:55:47]} 18. Rc2 {[%clk 0:54:09]}
Kh8 {[%clk 0:46:03]} 19. Nb5 {[%clk 0:49:33]} Bd7 {[%clk 0:41:52]} 20. b3 {[%clk
0:46:51]} Ng8 {[%clk 0:36:42]} 21. Nxa7 {[%clk 0:25:45]} Ngf6 {[%clk 0:36:44]}
22. Bb5 {[%clk 0:20:59]} g4 {[%clk 0:26:21]} 23. Bxd7 {[%clk 0:19:58]} Qxd7
{[%clk 0:26:32]} 24. hxg4 {[%clk 0:19:13]} hxg4 {[%clk 0:26:38]} 25. Nb5 {[%clk
0:15:02]} g3 {[%clk 0:24:41]} 26. Bb6 {[%clk 0:15:07]} Qh7 {[%clk 0:24:28]} 27.
Nd3 {[%clk 0:15:07]} Bf8 {[%clk 0:17:18]} 28. Re1 {[%clk 0:15:26]} Nd7 {[%clk
0:15:28]} 29. Nxf4 {[%clk 0:09:02]} Qh2+ {[%clk 0:14:57]} 30. Kf1 {[%clk
0:09:30]} exf4 {[%clk 0:14:57]} 31. Bg1 {[%clk 0:09:27]} Qh1 {[%clk 0:14:10]} 32.
Nd4 {[%clk 0:08:03]} Ne5 {[%clk 0:09:18]} 33. Qd2 {[%clk 0:07:26]} Bh6 {[%clk
0:08:03]} 34. Rec1 {[%clk 0:06:58]} Ng4 {[%clk 0:04:12]} 35. fxg4 {[%clk
0:00:51]} f3 {[%clk 0:04:09]} 36. Qc3 {[%clk 0:01:03]} f2 {[%clk 0:03:29]} 37.
Nf3+ {[%clk 0:01:18]} Rf6 {[%clk 0:01:48]} 38. Ke2 {[%clk 0:01:33]} Qxg2 {[%clk
0:01:54]} 39. Rf1 {[%clk 0:01:16]} fxg1Q+ {[%clk 0:02:04]} 0-1

[Event "Greek Team Championship"]
[Site "chess24.com"]
[Date "2017.07.04"]
[Round "2"]
[White "Zgouletas, Ioannis"]
[Black "Beliotis, Georgios"]
[Result "0-1"]
[Board "8"]
[WhiteElo "1514"]
[WhiteCountry "GRE"]
[WhiteFideId "4289455"]
[WhiteEloChange "-2"]
[BlackElo "2107"]
[BlackCountry "GRE"]
[BlackFideId "4231945"]
[BlackEloChange "2"]

1. e4 {[%clk 1:30:22]} e5 {[%clk 1:30:50]} 2. Nf3 {[%clk 1:29:37]} Nc6 {[%clk
1:31:10]} 3. Bc4 {[%clk 1:29:33]} Bc5 {[%clk 1:31:29]} 4. d3 {[%clk 1:27:22]} Nf6
{[%clk 1:31:40]} 5. Bg5 {[%clk 1:24:36]} h6 {[%clk 1:31:13]} 6. Bh4 {[%clk
1:23:14]} O-O {[%clk 1:29:17]} 7. O-O {[%clk 1:10:45]} Be7 {[%clk 1:28:09]} 8.
Nc3 {[%clk 1:07:42]} d6 {[%clk 1:26:33]} 9. h3 {[%clk 1:03:01]} Na5 {[%clk
1:23:15]} 10. Bb3 {[%clk 1:02:55]} c6 {[%clk 1:22:54]} 11. Re1 {[%clk 1:01:50]}
Nxb3 {[%clk 1:20:57]} 12. axb3 {[%clk 1:02:15]} Nh5 {[%clk 1:21:13]} 13. Bxe7
{[%clk 1:01:11]} Qxe7 {[%clk 1:21:37]} 14. Ne2 {[%clk 1:01:13]} f5 {[%clk
1:17:35]} 15. exf5 {[%clk 0:58:06]} Bxf5 {[%clk 1:17:23]} 16. Ng3 {[%clk
0:57:32]} Nxg3 {[%clk 1:17:02]} 17. fxg3 {[%clk 0:57:42]} Qf6 {[%clk 1:16:10]}
18. Rf1 {[%clk 0:57:28]} Be6 {[%clk 1:15:20]} 19. Qe2 {[%clk 0:46:40]} Bd5 {[%clk
1:12:01]} 20. Nh4 {[%clk 0:41:09]} Qg5 {[%clk 1:10:03]} 21. Kh2 {[%clk 0:26:26]}
c5 {[%clk 1:07:18]} 22. Nf3 {[%clk 0:14:32]} Qe7 {[%clk 1:03:59]} 23. Nh4 {[%clk
0:06:47]} Qd7 {[%clk 0:50:28]} 24. Qh5 {[%clk 0:02:28]} Bf7 {[%clk 0:48:55]} 25.
Qe2 {[%clk 0:02:49]} a6 {[%clk 0:46:41]} 26. Qe3 {[%clk 0:00:41]} Be6 {[%clk
0:46:05]} 27. g4 {[%clk 0:00:40]} Rf7 {[%clk 0:44:21]} 28. Rxf7 {[%clk 0:00:46]}
Qxf7 {[%clk 0:43:20]} 29. Kg1 {[%clk 0:01:06]} Rf8 {[%clk 0:42:51]} 30. Nf3
{[%clk 0:01:23]} Qf4 {[%clk 0:39:49]} 31. Qe2 {[%clk 0:01:33]} Bd5 {[%clk
0:28:20]} 32. Ra4 {[%clk 0:00:35]} Qc1+ {[%clk 0:26:56]} 33. Kh2 {[%clk 0:00:35]}
Qxb2 {[%clk 0:27:12]} 0-1

[Event "Greek Team Championship"]
[Site "chess24.com"]
[Date "2017.07.04"]
[Round "2"]
[White "Liakos, Christos - Konstantinos"]
[Black "Koukouvinos, Viktor"]
[Result "1-0"]
[Board "9"]
[WhiteElo "1386"]
[WhiteCountry "GRE"]
[WhiteFideId "4278283"]
[WhiteEloChange "12"]
[BlackElo "1452"]
[BlackCountry "GRE"]
[BlackFideId "25868209"]
[BlackEloChange "-12"]

1. e4 {[%clk 1:29:34]} e5 {[%clk 1:30:22]} 2. Nf3 {[%clk 1:29:36]} Nc6 {[%clk
1:30:11]} 3. Bc4 {[%clk 1:29:49]} Nf6 {[%clk 1:30:17]} 4. d3 {[%clk 1:28:50]} Be7
{[%clk 1:30:10]} 5. c3 {[%clk 1:25:45]} O-O {[%clk 1:28:15]} 6. Nbd2 {[%clk
1:25:01]} h6 {[%clk 1:26:52]} 7. Nf1 {[%clk 1:21:54]} d6 {[%clk 1:21:01]} 8. Ng3
{[%clk 1:21:03]} Na5 {[%clk 1:17:11]} 9. Bb5 {[%clk 1:21:04]} a6 {[%clk 1:16:44]}
10. Ba4 {[%clk 1:19:36]} b5 {[%clk 1:13:20]} 11. Bc2 {[%clk 1:19:44]} c5 {[%clk
1:12:10]} 12. O-O {[%clk 1:18:13]} Nc6 {[%clk 1:09:44]} 13. Nh4 {[%clk 1:14:53]}
Nxe4 {[%clk 1:07:08]} 14. Qf3 {[%clk 1:11:10]} Bxh4 {[%clk 1:07:08]} 15. Qxe4
{[%clk 1:11:15]} Bd7 {[%clk 1:05:56]} 16. d4 {[%clk 1:08:34]} f5 {[%clk 1:04:30]}
17. Qd5+ {[%clk 1:07:24]} Kh8 {[%clk 1:03:54]} 18. dxc5 {[%clk 1:03:24]} dxc5
{[%clk 1:02:27]} 19. Rd1 {[%clk 0:49:01]} Ra7 {[%clk 1:00:51]} 20. Qxc5 {[%clk
0:44:30]} Qf6 {[%clk 0:57:42]} 21. Rd6 {[%clk 0:41:46]} Qe7 {[%clk 0:57:10]} 22.
Nh5 {[%clk 0:27:39]} f4 {[%clk 0:52:00]} 23. g3 {[%clk 0:21:16]} Bg5 {[%clk
0:50:23]} 24. h4 {[%clk 0:18:59]} fxg3 {[%clk 0:50:04]} 25. Bxg5 {[%clk 0:15:23]}
gxf2+ {[%clk 0:49:05]} 26. Kh2 {[%clk 0:14:39]} hxg5 {[%clk 0:48:49]} 27. Rf1
{[%clk 0:13:49]} Qf7 {[%clk 0:46:27]} 28. Be4 {[%clk 0:08:00]} Qxh5 {[%clk
0:45:10]} 29. Rh6+ {[%clk 0:08:21]} 1-0

[Event "Greek Team Championship"]
[Site "chess24.com"]
[Date "2017.07.04"]
[Round "2"]
[White "Halkias, Alexandros"]
[Black "Nedev, Trajko"]
[Result "1-0"]
[Board "1"]
[WhiteElo "2094"]
[WhiteCountry "GRE"]
[WhiteFideId "4203976"]
[WhiteEloChange "18"]
[BlackElo "2481"]
[BlackTitle "GM"]
[BlackCountry "MKD"]
[BlackFideId "15000605"]
[BlackEloChange "-9"]

1. d4 {[%clk 1:27:30]} Nf6 {[%clk 1:30:51]} 2. Nf3 {[%clk 1:27:45]} g6 {[%clk
1:30:58]} 3. Bf4 {[%clk 1:27:22]} Bg7 {[%clk 1:31:16]} 4. e3 {[%clk 1:27:20]} d6
{[%clk 1:31:41]} 5. h3 {[%clk 1:27:37]} O-O {[%clk 1:32:00]} 6. Be2 {[%clk
1:27:55]} Nbd7 {[%clk 1:31:27]} 7. O-O {[%clk 1:24:18]} b6 {[%clk 1:30:45]} 8. c4
{[%clk 1:15:46]} Ne4 {[%clk 1:26:45]} 9. Bh2 {[%clk 1:09:56]} Bb7 {[%clk
1:18:54]} 10. Nbd2 {[%clk 1:09:56]} Nxd2 {[%clk 1:10:07]} 11. Qxd2 {[%clk
1:05:15]} e5 {[%clk 1:10:07]} 12. Rfd1 {[%clk 0:39:43]} e4 {[%clk 0:55:12]} 13.
Ne1 {[%clk 0:36:43]} a5 {[%clk 0:54:58]} 14. Rac1 {[%clk 0:36:02]} f5 {[%clk
0:54:32]} 15. Nc2 {[%clk 0:28:01]} g5 {[%clk 0:32:02]} 16. Na3 {[%clk 0:28:01]}
Qf6 {[%clk 0:32:15]} 17. Nb5 {[%clk 0:13:24]} Rac8 {[%clk 0:29:32]} 18. c5 {[%clk
0:08:58]} bxc5 {[%clk 0:10:08]} 19. Qxa5 {[%clk 0:09:09]} cxd4 {[%clk 0:05:03]}
20. Nxd4 {[%clk 0:07:18]} c5 {[%clk 0:04:45]} 21. Nb5 {[%clk 0:06:38]} d5 {[%clk
0:03:48]} 22. Nd6 {[%clk 0:05:00]} Qxb2 {[%clk 0:01:23]} 23. Bb5 {[%clk 0:04:35]}
Ra8 {[%clk 0:01:20]} 24. Qc7 {[%clk 0:04:20]} Rxa2 {[%clk 0:01:20]} 25. Rf1
{[%clk 0:04:22]} Ne5 {[%clk 0:01:14]} 26. Qxb7 {[%clk 0:04:22]} Kh8 {[%clk
0:01:14]} 27. Bxe5 {[%clk 0:02:39]} Bxe5 {[%clk 0:00:58]} 28. Qxd5 {[%clk
0:02:55]} 1-0

[Event "Greek Team Championship"]
[Site "chess24.com"]
[Date "2017.07.04"]
[Round "2"]
[White "Giannoulakis, Lampros"]
[Black "Xilogiannis, Dimitrios"]
[Result "1-0"]
[Board "2"]
[WhiteElo "2330"]
[WhiteTitle "FM"]
[WhiteCountry "GRE"]
[WhiteFideId "4247019"]
[WhiteEloChange "2"]
[BlackElo "1909"]
[BlackCountry "GRE"]
[BlackFideId "4239016"]
[BlackEloChange "-2"]

1. d4 {[%clk 1:30:50]} Nf6 {[%clk 1:30:40]} 2. c4 {[%clk 1:31:03]} e6 {[%clk
1:31:04]} 3. Nc3 {[%clk 1:31:18]} Bb4 {[%clk 1:31:24]} 4. e3 {[%clk 1:30:37]} O-O
{[%clk 1:30:40]} 5. Bd3 {[%clk 1:30:36]} c5 {[%clk 1:30:41]} 6. Nf3 {[%clk
1:30:48]} Bxc3+ {[%clk 1:29:12]} 7. bxc3 {[%clk 1:31:14]} d6 {[%clk 1:29:33]} 8.
O-O {[%clk 1:31:26]} Nc6 {[%clk 1:29:02]} 9. e4 {[%clk 1:31:40]} e5 {[%clk
1:28:50]} 10. d5 {[%clk 1:32:04]} Ne7 {[%clk 1:28:18]} 11. Nh4 {[%clk 1:32:12]}
Ng6 {[%clk 1:26:25]} 12. Nf5 {[%clk 1:32:33]} Re8 {[%clk 1:24:28]} 13. f3 {[%clk
1:32:10]} Nf4 {[%clk 1:15:11]} 14. Bc2 {[%clk 1:31:52]} Bxf5 {[%clk 1:14:00]} 15.
exf5 {[%clk 1:32:17]} Qa5 {[%clk 1:11:54]} 16. Bd2 {[%clk 1:28:43]} Nd7 {[%clk
1:00:11]} 17. g3 {[%clk 1:17:57]} Nh5 {[%clk 0:59:57]} 18. Qe2 {[%clk 1:16:47]}
Qa6 {[%clk 0:52:33]} 19. Rfb1 {[%clk 1:14:13]} Nhf6 {[%clk 0:46:05]} 20. Rb5
{[%clk 1:12:18]} Re7 {[%clk 0:36:59]} 21. a4 {[%clk 1:07:05]} Ne8 {[%clk
0:32:38]} 22. a5 {[%clk 1:04:43]} Nc7 {[%clk 0:28:11]} 23. Qf1 {[%clk 1:04:25]}
e4 {[%clk 0:16:27]} 24. fxe4 {[%clk 0:55:23]} Ne5 {[%clk 0:14:40]} 25. f6 {[%clk
0:50:19]} Ree8 {[%clk 0:14:27]} 26. Ba4 {[%clk 0:48:40]} b6 {[%clk 0:13:39]} 27.
Rbb1 {[%clk 0:37:56]} bxa5 {[%clk 0:06:01]} 28. Bxe8 {[%clk 0:37:09]} Rxe8 {[%clk
0:05:39]} 29. Bf4 {[%clk 0:35:30]} Ng6 {[%clk 0:01:41]} 30. Re1 {[%clk 0:32:09]}
a4 {[%clk 0:01:04]} 31. Ra3 {[%clk 0:32:33]} Nxf4 {[%clk 0:01:09]} 32. Qxf4
{[%clk 0:31:19]} Re5 {[%clk 0:01:22]} 33. fxg7 {[%clk 0:31:23]} Qxc4 {[%clk
0:01:15]} 34. Rf1 {[%clk 0:31:45]} Re7 {[%clk 0:01:15]} 35. e5 {[%clk 0:30:08]}
Qxf4 {[%clk 0:01:25]} 36. gxf4 {[%clk 0:30:35]} Nxd5 {[%clk 0:01:27]} 37. exd6
{[%clk 0:31:01]} Rd7 {[%clk 0:01:27]} 38. Rxa4 {[%clk 0:26:09]} Rxd6 {[%clk
0:01:21]} 39. f5 {[%clk 0:19:57]} Kxg7 {[%clk 0:01:04]} 40. Rd1 {[%clk 0:48:37]}
Rd7 {[%clk 0:30:36]} 41. Ra5 {[%clk 0:46:43]} Nb6 {[%clk 0:28:26]} 42. Rxd7
{[%clk 0:47:03]} Nxd7 {[%clk 0:28:54]} 43. Rxa7 {[%clk 0:47:25]} Nf6 {[%clk
0:28:58]} 44. Ra4 {[%clk 0:44:42]} Kh6 {[%clk 0:25:29]} 45. Rc4 {[%clk 0:44:16]}
Nd7 {[%clk 0:25:50]} 46. Rh4+ {[%clk 0:44:44]} Kg7 {[%clk 0:25:57]} 47. Kf2
{[%clk 0:44:12]} Ne5 {[%clk 0:23:43]} 48. Ke3 {[%clk 0:42:49]} f6 {[%clk
0:19:11]} 49. Ke4 {[%clk 0:42:30]} c4 {[%clk 0:18:55]} 50. Kd5 {[%clk 0:41:58]}
Nf3 {[%clk 0:19:08]} 51. Rxc4 {[%clk 0:41:21]} Nxh2 {[%clk 0:19:30]} 52. Re4
{[%clk 0:41:37]} Nf3 {[%clk 0:19:42]} 53. c4 {[%clk 0:41:45]} h5 {[%clk 0:20:04]}
54. c5 {[%clk 0:42:02]} h4 {[%clk 0:20:28]} 55. c6 {[%clk 0:42:19]} h3 {[%clk
0:20:51]} 56. c7 {[%clk 0:41:59]} 1-0

[Event "Greek Team Championship"]
[Site "chess24.com"]
[Date "2017.07.04"]
[Round "2"]
[White "Kivelos, Sotirios"]
[Black "Lagopatis, Nikolaos"]
[Result "0-1"]
[Board "3"]
[WhiteElo "1903"]
[WhiteCountry "GRE"]
[WhiteFideId "4208374"]
[WhiteEloChange "-4"]
[BlackElo "2130"]
[BlackTitle "CM"]
[BlackCountry "GRE"]
[BlackFideId "4200489"]
[BlackEloChange "4"]

1. Nf3 {[%clk 1:30:39]} Nf6 {[%clk 1:30:04]} 2. d4 {[%clk 1:30:49]} d6 {[%clk
1:30:00]} 3. c4 {[%clk 1:26:54]} Bf5 {[%clk 1:29:17]} 4. e3 {[%clk 1:24:57]} Nbd7
{[%clk 1:25:09]} 5. Bd3 {[%clk 1:24:29]} Bxd3 {[%clk 1:24:14]} 6. Qxd3 {[%clk
1:24:53]} e5 {[%clk 1:24:26]} 7. Nc3 {[%clk 1:24:33]} Be7 {[%clk 1:18:12]} 8. O-O
{[%clk 1:24:02]} O-O {[%clk 1:17:31]} 9. b4 {[%clk 1:16:40]} c6 {[%clk 1:14:16]}
10. a4 {[%clk 1:08:57]} Re8 {[%clk 1:12:55]} 11. d5 {[%clk 0:53:24]} cxd5 {[%clk
1:11:19]} 12. cxd5 {[%clk 0:53:23]} e4 {[%clk 1:10:35]} 13. Nxe4 {[%clk 0:53:07]}
Nxe4 {[%clk 1:10:52]} 14. Qxe4 {[%clk 0:52:51]} Bf6 {[%clk 1:11:10]} 15. Qb1
{[%clk 0:53:16]} Bxa1 {[%clk 1:10:49]} 16. Qxa1 {[%clk 0:53:40]} Ne5 {[%clk
1:03:38]} 17. Nd4 {[%clk 0:52:20]} Rc8 {[%clk 0:54:15]} 18. f4 {[%clk 0:40:47]}
Nc4 {[%clk 0:46:05]} 19. Nf5 {[%clk 0:38:03]} f6 {[%clk 0:44:35]} 20. Rf3 {[%clk
0:27:01]} Qd7 {[%clk 0:37:07]} 21. Nd4 {[%clk 0:25:54]} Nb6 {[%clk 0:35:00]} 22.
Bb2 {[%clk 0:18:55]} Qxa4 {[%clk 0:29:22]} 23. Nf5 {[%clk 0:19:36]} Qxa1+ {[%clk
0:28:33]} 24. Bxa1 {[%clk 0:20:03]} Rc1+ {[%clk 0:27:08]} 25. Rf1 {[%clk
0:20:29]} Rxf1+ {[%clk 0:27:01]} 26. Kxf1 {[%clk 0:20:55]} Nxd5 {[%clk 0:27:11]}
27. Nxd6 {[%clk 0:19:22]} Rxe3 {[%clk 0:25:42]} 28. Bd4 {[%clk 0:19:35]} Rd3
{[%clk 0:21:52]} 29. Bxa7 {[%clk 0:19:40]} Nxb4 {[%clk 0:21:46]} 30. Bc5 {[%clk
0:19:44]} Na6 {[%clk 0:21:16]} 0-1

[Event "Greek Team Championship"]
[Site "chess24.com"]
[Date "2017.07.04"]
[Round "2"]
[White "Hidzos, Georgios"]
[Black "Palaskos, Ahileas"]
[Result "1/2-1/2"]
[Board "4"]
[WhiteElo "1873"]
[WhiteCountry "GRE"]
[WhiteFideId "4201647"]
[WhiteEloChange "-2"]
[BlackElo "1803"]
[BlackCountry "GRE"]
[BlackFideId "4218604"]
[BlackEloChange "2"]

1. Nf3 {[%clk 1:30:51]} Nf6 {[%clk 1:30:51]} 2. g3 {[%clk 1:30:47]} d5 {[%clk
1:30:49]} 3. Bg2 {[%clk 1:30:54]} c6 {[%clk 1:29:15]} 4. O-O {[%clk 1:31:17]} Bg4
{[%clk 1:29:27]} 5. Ne5 {[%clk 1:26:01]} Bh5 {[%clk 1:24:15]} 6. c4 {[%clk
1:21:16]} e6 {[%clk 1:22:07]} 7. d3 {[%clk 1:05:39]} Nbd7 {[%clk 1:18:30]} 8.
Nxd7 {[%clk 1:05:12]} Nxd7 {[%clk 1:03:11]} 9. Qc2 {[%clk 1:03:53]} Be7 {[%clk
1:01:00]} 10. h3 {[%clk 0:57:15]} Bg6 {[%clk 0:58:49]} 11. e4 {[%clk 0:52:44]}
dxe4 {[%clk 0:54:22]} 12. dxe4 {[%clk 0:53:09]} e5 {[%clk 0:54:18]} 13. b3 {[%clk
0:51:01]} O-O {[%clk 0:52:48]} 14. Bb2 {[%clk 0:51:23]} Qc7 {[%clk 0:52:07]} 15.
Nc3 {[%clk 0:50:10]} Rfd8 {[%clk 0:49:13]} 16. Ne2 {[%clk 0:37:05]} f6 {[%clk
0:44:48]} 17. h4 {[%clk 0:30:29]} a5 {[%clk 0:42:29]} 18. Bh3 {[%clk 0:29:22]}
Nc5 {[%clk 0:41:12]} 19. f3 {[%clk 0:29:34]} Bf7 {[%clk 0:30:14]} 20. Kg2 {[%clk
0:27:42]} Be6 {[%clk 0:16:43]} 21. Bf5 {[%clk 0:24:37]} g6 {[%clk 0:16:13]} 22.
Bxe6+ {[%clk 0:24:01]} Nxe6 {[%clk 0:16:41]} 23. f4 {[%clk 0:23:28]} Qd6 {[%clk
0:07:28]} 24. Rad1 {[%clk 0:19:07]} Qc5 {[%clk 0:07:22]} 25. fxe5 {[%clk
0:19:07]} fxe5 {[%clk 0:07:36]} 26. Qc3 {[%clk 0:18:07]} Rxd1 {[%clk 0:05:48]}
27. Rxd1 {[%clk 0:18:27]} Rf8 {[%clk 0:06:16]} 28. Rf1 {[%clk 0:16:05]} Rxf1
{[%clk 0:06:45]} 29. Kxf1 {[%clk 0:16:25]} Bf6 {[%clk 0:05:57]} 30. Qf3 {[%clk
0:13:15]} Bg7 {[%clk 0:04:50]} 31. Qg4 {[%clk 0:12:36]} Qf8+ {[%clk 0:02:27]} 32.
Kg2 {[%clk 0:12:44]} Qf7 {[%clk 0:02:39]} 33. Ng1 {[%clk 0:07:40]} h5 {[%clk
0:01:50]} 34. Qd1 {[%clk 0:07:15]} Nd4 {[%clk 0:00:58]} 35. Bxd4 {[%clk 0:05:55]}
exd4 {[%clk 0:01:27]} 36. Nf3 {[%clk 0:06:18]} c5 {[%clk 0:01:25]} 37. Qd3 {[%clk
0:05:47]} Qe6 {[%clk 0:00:54]} 38. Ng5 {[%clk 0:05:28]} Qe5 {[%clk 0:00:51]} 39.
Qf3 {[%clk 0:04:52]} Bf6 {[%clk 0:00:56]} 40. Nh3 {[%clk 0:35:09]} Be7 {[%clk
0:30:51]} 41. Nf4 {[%clk 0:35:24]} Kg7 {[%clk 0:27:43]} 42. Nd3 {[%clk 0:35:17]}
Qe6 {[%clk 0:22:09]} 43. e5 {[%clk 0:34:56]} b6 {[%clk 0:20:56]} 44. Qe4 {[%clk
0:23:28]} g5 {[%clk 0:11:23]} 45. hxg5 {[%clk 0:15:24]} Bxg5 {[%clk 0:11:51]} 46.
Qf3 {[%clk 0:15:43]} Qg6 {[%clk 0:09:03]} 47. Nf2 {[%clk 0:14:40]} h4 {[%clk
0:03:49]} 48. g4 {[%clk 0:10:52]} Be3 {[%clk 0:02:10]} 49. Ne4 {[%clk 0:10:31]}
Kh7 {[%clk 0:00:39]} 50. Nf6+ {[%clk 0:08:51]} Kh6 {[%clk 0:00:34]} 51. e6 {[%clk
0:06:51]} Bg5 {[%clk 0:00:39]} 52. Ne4 {[%clk 0:06:17]} Qxe6 {[%clk 0:00:33]} 53.
Qf8+ {[%clk 0:05:02]} Kg6 {[%clk 0:00:50]} 54. Kf3 {[%clk 0:01:35]} 1/2-1/2

[Event "Greek Team Championship"]
[Site "chess24.com"]
[Date "2017.07.04"]
[Round "2"]
[White "Vafiadou, Asimenia"]
[Black "Ivanova, Simoneta"]
[Result "1/2-1/2"]
[Board "5"]
[WhiteElo "1692"]
[WhiteCountry "GRE"]
[WhiteFideId "4218914"]
[WhiteEloChange "8"]
[BlackElo "2158"]
[BlackTitle "WFM"]
[BlackCountry "BUL"]
[BlackFideId "2900548"]
[BlackEloChange "-8"]

1. d4 {[%clk 1:30:57]} Nf6 {[%clk 1:30:55]} 2. Nf3 {[%clk 1:31:20]} e6 {[%clk
1:31:13]} 3. Bg5 {[%clk 1:31:42]} d6 {[%clk 1:31:14]} 4. Nbd2 {[%clk 1:31:43]} h6
{[%clk 1:31:27]} 5. Bh4 {[%clk 1:32:05]} g5 {[%clk 1:31:40]} 6. Bg3 {[%clk
1:32:27]} Nh5 {[%clk 1:31:34]} 7. e4 {[%clk 1:29:29]} Bg7 {[%clk 1:31:17]} 8. c3
{[%clk 1:29:14]} Qe7 {[%clk 1:28:53]} 9. e5 {[%clk 1:19:17]} Nxg3 {[%clk
1:24:59]} 10. hxg3 {[%clk 1:19:35]} Nd7 {[%clk 1:14:53]} 11. Nc4 {[%clk 1:09:57]}
Nb6 {[%clk 1:00:53]} 12. exd6 {[%clk 1:04:36]} cxd6 {[%clk 1:00:34]} 13. Nxb6
{[%clk 1:04:53]} axb6 {[%clk 1:00:53]} 14. Bb5+ {[%clk 1:04:15]} Bd7 {[%clk
1:00:43]} 15. Bxd7+ {[%clk 1:03:59]} Qxd7 {[%clk 1:01:03]} 16. Qb3 {[%clk
1:02:34]} b5 {[%clk 0:57:22]} 17. Rd1 {[%clk 0:59:20]} Ra6 {[%clk 0:46:45]} 18.
a3 {[%clk 0:51:21]} Qc6 {[%clk 0:44:25]} 19. Qc2 {[%clk 0:45:36]} Qd5 {[%clk
0:39:12]} 20. Qe2 {[%clk 0:43:59]} O-O {[%clk 0:26:13]} 21. O-O {[%clk 0:35:37]}
Re8 {[%clk 0:23:59]} 22. Rfe1 {[%clk 0:29:41]} Rc6 {[%clk 0:23:54]} 23. g4 {[%clk
0:25:08]} Rcc8 {[%clk 0:18:49]} 24. Rd3 {[%clk 0:19:11]} Re7 {[%clk 0:18:41]} 25.
Re3 {[%clk 0:17:40]} Rce8 {[%clk 0:16:19]} 26. Qc2 {[%clk 0:10:54]} Qc6 {[%clk
0:16:19]} 27. Qe4 {[%clk 0:11:19]} Qxe4 {[%clk 0:10:20]} 28. Rxe4 {[%clk
0:11:15]} Kf8 {[%clk 0:07:36]} 29. Kf1 {[%clk 0:10:14]} f6 {[%clk 0:05:55]} 30.
Rd1 {[%clk 0:09:58]} d5 {[%clk 0:05:41]} 31. Re3 {[%clk 0:09:31]} Rd8 {[%clk
0:05:45]} 32. Rde1 {[%clk 0:09:41]} Rde8 {[%clk 0:05:49]} 33. Rd1 {[%clk
0:09:59]} Rd8 {[%clk 0:05:33]} 34. Rde1 {[%clk 0:09:48]} Rde8 {[%clk 0:05:33]}
1/2-1/2